| 000 | 00475nam a22001817a 4500 | ||
|---|---|---|---|
| 005 | 20230117102843.0 | ||
| 008 | 220215b ||||| |||| 00| 0 eng d | ||
| 020 | _a978819101925 | ||
| 041 | _aeng | ||
| 082 | _a615.19 | ||
| 100 |
_aDERLE,DEELIPRAO AND BODDU,SAI HANUMAN SAGAR _97092 |
||
| 245 | _aESSENTIALS OF PHYSICAL PHARMACY | ||
| 250 | _a2'ND | ||
| 260 |
_aHYDERABAD _bPHARMA MED PRESS _c2010 |
||
| 300 | _a338;P. | ||
| 650 |
_aPHARMACY _xB.PHARMA _97083 |
||
| 942 | _cBK | ||
| 999 |
_c7928 _d7926 |
||